000 01141cam a2200253 a 4500
001 000013224
005 20200929163153.0
008 010605s1999 pn ab b 001 0 spa
020 _a9962614007
040 _aDO-SdBNP
_bspa
_cDLC
_dBNPHU
082 _a333.7
_bC965
245 0 3 _aLa Cuenca del Canal :
_bdeforestación, contaminación y urbanización, Proyecto de Monitoreo de la Cuenca del Canal de Panamá (PMCC), sumario ejecutivo del informe final /
_cCompiladores Amelia Sanjur, Salomón Aguilar, Tomás García ; editores, Stanley Heckadon Moreno, Roberto Ibáñez D., Richard Condit.
260 _aPanamá :
_bInstituto Smithsonian de Investigaciones Tropicales,
_c1999.
300 _a120 p. :
_bil., mapas ;
_c26 cm.
504 _aIncluye referencias bibliográficas (p. 114-119).
650 4 _aRecursos naturales
_zPanamá
_930353
650 4 _aEcología tropical
_zPanamá
_930354
650 4 _aCuenca del canal de panamá
_930355
700 1 _aHeckadon Moreno, Stanley.
_930356
700 1 _aIbáñez D., Roberto.
_930357
700 1 _aCondit, Richard,
_d1956-
_930358
910 _aCatalogación por copia / LC
049 _aBNGR
999 _c12856
_d12856